000 00243nam a2200097 a 4500
005 20201002052732.0
008 150710s2004 000 spa d
245 0 _aPor un partido lĂ­nea de masas.
260 _a[s.l.],
_c[s.f.].
999 _c45734
_d45734
040 _aDO-SdBNP